[Event "Queenstown op"]
[Site "Queenstown"]
[Date "2006.01.21"]
[Round "7"]
[White "Wojnar, Jacek"]
[Black "Dougherty, Michael J"]
[Result "0-1"]
[WhiteElo "1824"]
[BlackElo "2212"]
[PlyCount "82"]
[EventDate "2006.01.15"]
[EventType "swiss"]
[EventRounds "10"]
[EventCountry "NZL"]
[SourceTitle "CBM 110 Extra"]
[Source "ChessBase"]
[SourceDate "2006.03.10"]
[SourceVersion "2"]
[SourceVersionDate "2006.03.10"]
[SourceQuality "1"]

1. e4 c5 2. f4 e6 3. Nf3 Nc6 4. Bb5 Nge7 5. d4 cxd4 6. Nxd4 Qb6 7. Bxc6 bxc6 8. 0-0 g5 9. Kh1 Bg7 10. Nb3 Ba6 11. Rf3 gxf4 12. Rxf4 Ng6 13. Rf3 c5 14. Nc3 d6 15. Bg5 h5 16. Qd2 c4 17. Nc1 Qd4 18. Qxd4 Bxd4 19. N1e2 Be5 20. Bf6 Bxf6 21. Rxf6 Ke7 22. Rf2 Ne5 23. Nd4 Rab8 24. Rb1 h4 25. h3 Rhg8 26. Rf4 Rg3 27. Rf3 Rg5 28. Rf2 Rbg8 29. Nf3 Nxf3 30. gxf3 f5 31. Re1 Bb7 32. Kh2 f4 33. Ne2 e5 34. Rg1 Rg3 35. Rff1 d5 36. Nc3 dxe4 37. Nxe4 Bxe4 38. fxe4 Rd8 39. Rg2 Rd4 40. Re1 Kd6 41. Ree2 f3 0-1

[Event "Queenstown op"]
[Site "Queenstown"]
[Date "2006.01.18"]
[Round "4"]
[White "Chan, Jason"]
[Black "Wojnar, Jacek"]
[Result "1-0"]
[WhiteElo "2128"]
[BlackElo "2160"]
[PlyCount "83"]
[EventDate "2006.01.15"]
[EventType "swiss"]
[EventRounds "10"]
[EventCountry "NZL"]
[SourceTitle "CBM 110 Extra"]
[Source "ChessBase"]
[SourceDate "2006.03.10"]
[SourceVersion "2"]
[SourceVersionDate "2006.03.10"]
[SourceQuality "1"]

1. e4 e5 2. Nf3 d6 3. g3 Bg4 4. h3 Bd7 5. Bg2 Nc6 6. 0-0 g5 7. Ne1 h5 8. c3 Nh6 9. d4 Bg7 10. Be3 Qf6 11. Nc2 0-0-0 12. b4 Ne7 13. a4 h4 14. g4 Ng6 15. d5 Nf4 16. f3 Qg6 17. Kh2 f5 18. exf5 Nxf5 19. gxf5 Qxf5 20. Bxf4 gxf4 21. Nd2 Rhg8 22. Ne4 Bh8 23. Qe2 Rg3 24. Nxg3 hxg3+ 25. Kg1 Bf6 26. Rfc1 Rh8 27. Ra2 Qh7 28. Qf1 Bf5 29. Ne1 Qd7 30. b5 Bxh3 31. Qc4 Bxg2 32. Rxg2 Qh3 33. Kf1 Qh1+ 34. Rg1 Qh3+ 35. Ng2 Qf5 36. a5 e4 37. b6 axb6 38. axb6 Rh7 39. Ra1 Kb8 40. Qa4 cxb6 41. Qe8+ Qc8 42. Ra8+ 1-0

[Event "Queenstown op"]
[Site "Queenstown"]
[Date "2006.01.16"]
[Round "1"]
[White "Wojnar, Jacek"]
[Black "West, Guy"]
[Result "0-1"]
[WhiteElo "1824"]
[BlackElo "2356"]
[PlyCount "48"]
[EventDate "2006.01.15"]
[EventType "swiss"]
[EventRounds "10"]
[EventCountry "NZL"]
[SourceTitle "CBM 110 Extra"]
[Source "ChessBase"]
[SourceDate "2006.03.10"]
[SourceVersion "2"]
[SourceVersionDate "2006.03.10"]
[SourceQuality "1"]

1. e4 e5 2. d4 exd4 3. Qxd4 Nc6 4. Qe3 g6 5. Bd2 Bg7 6. Nc3 Nge7 7. 0-0-0 0-0 8. h4 d5 9. exd5 Nxd5 10. Qf3 Nb6 11. Qg3 Bf5 12. Nf3 Nb4 13. Be3 Nxa2+ 14. Nxa2 Bxb2+ 15. Kxb2 Qxd1 16. Bd3 Qxh1 17. Bxf5 Nc4+ 18. Kc3 Nd6 19. Bd3 Qa1+ 20. Kb3 Qb1+ 21. Ka3 a6 22. Nb4 Nb5+ 23. Ka4 Qa1+ 24. Kb3 Qc3+ 0-1